All the Geography I know by Letter-V - Statistics

General Stats
  • This quiz has been taken 55 times
  • The average score is 15 of 24
Answer Stats
Hint Answer % Correct
Country in Oceania Vanuatu
94%
South American Country Venezuela
94%
Capital of Austria Vienna
94%
Country in Indochina Vietnam
94%
Country inside of Rome Vatican
91%
City/Region of Spain Valencia
89%
Capital of Lithuania Vilnius
89%
Capital of Malta Valletta
87%
U.s State Virginia
87%
U.s State Vermont
85%
Canadian City Vancouver
83%
City in Italy Venice
74%
City in Italy Verona
72%
Canadian Island/Capital of Seychelles Victoria
72%
Capital of Laos Vientiane
68%
City in Chile Valparaiso
49%
City in Bulgaria Varna
49%
City in Spain Valladolid
36%
Sacred city in India Varanasi
32%
City in Russia Voronezh
23%
City in Sweden Vasteras
11%
City in Albania Vlore
11%
City in Belarus Vitebsk
9%
City in Greece Volos
6%
No matching quizzes found
Score Distribution
Percent of People with Each Score
Percentile by Number Answered
Your Score History
You have not taken this quiz